Православный Палестинский сборник. Т. 12, вып. 2 (35): [Паисия Агиапостолита митрополита Родскаго, описание Святой горы Синайской и ея окрестностей, в стихах написанное, между 1577 и 1592 гг. (Запись № 6157835)

Подробности
000 -МАРКЕР
контрольное поле 03589nam2a2200409 4500
001 - ИДЕНТИФИКАТОР ЗАПИСИ
контрольное поле rc\1231324
005 - ИДЕНТИФИКАТОР ВЕРСИИ
контрольное поле 20260406095214.0
035 ## - ДРУГИЕ СИСТЕМНЫЕ НОМЕРА
Идентификатор записи (NLR Aleph) 005287497
100 ## - ДАННЫЕ ОБЩЕЙ ОБРАБОТКИ
Данные общей обработки 20060306d1891 u y0rusy50 ca
101 1# - ЯЗЫК РЕСУРСА
Язык текста, звукозаписи и т.д. русский
-- греческий (совр.)
Язык оригинала греческий (совр.)
102 ## - СТРАНА ПУБЛИКАЦИИ ИЛИ ПРОИЗВОДСТВА
Страна публикации Российская Федерация
105 ## - ПОЛЕ КОДИРОВАННЫХ ДАННЫХ: ТЕКСТОВЫЕ МАТЕРИАЛЫ, МОНОГРАФИЧЕСКИЕ
Кодированные данные о монографическом текстовом документе y zw 001gy
200 1# - ЗАГЛАВИЕ И СВЕДЕНИЯ ОБ ОТВЕТСТВЕННОСТИ
Основное заглавие [Паисия Агиапостолита митрополита Родскаго, описание Святой горы Синайской и ея окрестностей, в стихах написанное, между 1577 и 1592 гг.
Первые сведения об ответственности изданное в первый раз с предисловием А. И. Пападопуло-Керамевсом и переведенное Г. С. Дестунисом]
210 ## - ПУБЛИКАЦИЯ, РАСПРОСТРАНЕНИЕ И ДР.
Дата издания, распространения и т.д. 1891
215 ## - ФИЗИЧЕСКАЯ ХАРАКТЕРИСТИКА
Специфическое обозначение материала и объем [4], XX, 205, [1] с.
Размеры 26
300 ## - ОБЩИЕ ПРИМЕЧАНИЯ
Текст примечания Загл. в верхнем колонтитуле: Паисия описание Синая
300 ## - ОБЩИЕ ПРИМЕЧАНИЯ
Текст примечания Загл. также на греч. яз.
300 ## - ОБЩИЕ ПРИМЕЧАНИЯ
Текст примечания Осн. текст парал.: греч., рус.
320 ## - ПРИМЕЧАНИЯ О НАЛИЧИИ В ДОКУМЕНТЕ БИБЛИОГРАФИИ / УКАЗАТЕЛЯ
Текст примечания Указ. на греч. яз.: с. 17, 181–198
320 ## - ПРИМЕЧАНИЯ О НАЛИЧИИ В ДОКУМЕНТЕ БИБЛИОГРАФИИ / УКАЗАТЕЛЯ
Текст примечания Указ. собств. имен: с. 199–205
327 1# - ПРИМЕЧАНИЯ О СОДЕРЖАНИИ
Текст примечания В прил.: Мелетия Пига, папы и патриарха Александрийскаго, письма к Паисию Агиапостолиту
421 #0 - ПРИЛОЖЕНИЕ
Встроенное поле 2001#$aМелетия Пига, папы и патриарха Александрийскаго, письма к Паисию Агиапостолиту
-- 700#0$aМелетий Пигас$cпатриарх Александрийский$dI$f1549-1601$3RU\NLR\AUTH\770287554
Заглавие Мелетия Пига, папы и патриарха Александрийскаго, письма к Паисию Агиапостолиту
Автор Мелетий Пигас (патриарх Александрийский ; 1549-1601)
461 #0 - УРОВЕНЬ НАБОРА
Встроенное поле 001rc\1231292
-- 2001#$aПравославный Палестинский сборник$vТ. 12, вып. 2 (35)
Системный номер (АБИС) связанной записи 6157764
Место публикации С. Петербург [Санкт-Петербург]
Дата публикации 1881–1916
Имя издателя, распространителя и т.д. издание Православнаго Палестинскаго Общества
Заглавие Православный Палестинский сборник
URL https://webservices.nlr.ru/viewer/file?name=t005287490_001.jpg
Номер тома Т. 12, вып. 2 (35)
515 1# - ЗАГЛАВИЕ В КОЛОНТИТУЛЕ
Заглавие в колонтитуле Паисия описание Синая
518 1# - ЗАГЛАВИЕ В СТАНДАРТНОМ СОВРЕМЕННОМ ПРАВОПИСАНИИ
Основное заглавие, вариант заглавия или унифицированное заглавие Паисия Агиапостолита, митрополита Родского, описание святой горы Синайской и её окрестностей, в стихах написанное, между 1577 и 1592 гг.
540 1# - ДОПОЛНИТЕЛЬНОЕ ЗАГЛАВИЕ, ПРИМЕНЯЕМОЕ КАТАЛОГИЗАТОРОМ
Заглавие Описание святой горы Синайской и ее окрестностей, в стихах написанное между 1577 и 1592 гг., изданное в первый раз с предисловием А. И. Пападопуло-Керамевсом и переведенное Г. С. Дестунисом
701 #0 - ИМЯ ЛИЦА - АЛЬТЕРНАТИВНАЯ ОТВЕТСТВЕННОСТЬ
Графика поля Кириллица
Материалы, к которым относится поле rus
Начальный элемент ввода Паисий Агиапостолит
Даты 16 в.
Идентификатор авторитетной/нормативной записи RU\NLR\AUTH\770287620
Системный номер авторитетной/нормативной записи 2689579
702 #1 - ИМЯ ЛИЦА - ВТОРИЧНАЯ ОТВЕТСТВЕННОСТЬ
Код отношения Автор введения, предисловия, примечания и т.п.
-- Издатель
Графика поля Кириллица
Материалы, к которым относится поле rus
Начальный элемент ввода Пападопуло-Керамевс
Часть имени, кроме начального элемента ввода А. И.
Даты 1856-1912
Расширение инициалов личного имени Афанасий Иванович
Идентификатор авторитетной/нормативной записи RU\NLR\AUTH\7792583
Системный номер авторитетной/нормативной записи 75510
702 #1 - ИМЯ ЛИЦА - ВТОРИЧНАЯ ОТВЕТСТВЕННОСТЬ
Начальный элемент ввода Дестунис
Часть имени, кроме начального элемента ввода Г. С.
Даты 1818-1895
Расширение инициалов личного имени Гавриил Спиридонович
Код отношения Переводчик
801 #0 - ИСТОЧНИК ЗАПИСИ
Страна Российская Федерация
Организация NLR
Дата составления 20060306
Правила каталогизации psbo
801 #1 - ИСТОЧНИК ЗАПИСИ
Страна Российская Федерация
Организация ProSoft-M
Дата составления 20060306
Источник данных rusmarc
801 #2 - ИСТОЧНИК ЗАПИСИ
Страна Российская Федерация
Организация NLR
Дата составления 20060320
Источник данных rusmarc
852 ## - МЕСТОНАХОЖДЕНИЕ И ШИФР ХРАНЕНИЯ
Идентификатор организации NLR
Шифр хранения (Call Number) 18.311.1.9(35)
942 ## - ДОПОЛНИТЕЛЬНЫЕ ЭЛЕМЕНТЫ ЗАПИСИ (АБИС)
Тип экземпляра АБИС Книга
980 ## - КОЛЛЕКЦИЯ
Название коллекции Национальная библиография
Экземпляры
Тип экземпляра Дата поступления Библиотека постоянного хранения Библиотека текущего хранения Место хранения Шифр хранения Штрих-код Статус экземпляра
Книга 26.10.2013 РНБ (Садовая) РНБ (Садовая) Русский книжный фонд -Главное здание, Ленинский читальный зал 18.311.1.9 5287497-10